| 000 | 02127nam0a22003491 4500 | ||
|---|---|---|---|
| 001 | rc\351745 | ||
| 005 | 20250621042351.0 | ||
| 010 |
_a5-635-00227-7 _915000 |
||
| 035 | _a(NLR Aleph) 005571651 | ||
| 090 |
_a6018249 _c6018249 |
||
| 100 | _a20030307d1989 |||y0rusy50 ca | ||
| 101 | 0 | _arus | |
| 102 | _aRU | ||
| 105 | _aa ||||||||| | ||
| 200 | 1 |
_aВакансии в моем альбоме _eРассказы литературоведа _fА. Вулис |
|
| 210 |
_aТашкент _cИзд-во лит. и искусства _d1989 |
||
| 215 |
_a367, [1] с. _cил. _d21 |
||
| 300 | _aПеред вып. дан. авт.: А. Вулис (Абрам Зиновьевич Вулис) | ||
| 327 | 1 | _aСодерж.: Действующие лица: Повесть без эпилога; Рассказы литературоведа: Наш земляк Константин Симонов; "Крути, Гаврила!": О М. Зощенко; Близ "Мастера": О М. Булгакове; Вакансии в моем альбоме; Вдвоем над одной рукописью: Об И. Ильфе и Е. Петрове; Новые парадоксы детектива | |
| 464 | 0 |
_12001#$aДействующие лица _tДействующие лица |
|
| 464 | 0 |
_12001#$aНаш земляк Константин Симонов _tНаш земляк Константин Симонов |
|
| 464 | 0 |
_12001#$a"Крути, Гаврила!" _t"Крути, Гаврила!" |
|
| 464 | 0 |
_12001#$aБлиз "Мастера" _tБлиз "Мастера" |
|
| 464 | 0 |
_12001#$aВакансии в моем альбоме _tВакансии в моем альбоме |
|
| 464 | 0 |
_12001#$aВдвоем над одной рукописью _tВдвоем над одной рукописью |
|
| 464 | 0 |
_12001#$aНовые парадоксы детектива _tНовые парадоксы детектива |
|
| 700 | 1 |
_aВулис _bА.З. _f1928- _gАбрам Зиновьевич |
|
| 801 | 0 |
_aRU _bNLR _gpsbo |
|
| 801 | 1 |
_aRU _bELAR _2rusmarc |
|
| 852 |
_aNLR _j89-3/9323 |
||
| 942 | _cBOOK | ||
| 980 | _aNB | ||